Arquitectura en Chile: desde la prehispanidad al centenario

Gorde:
Xehetasun bibliografikoak
Egile nagusia: Gross Fuentes, Patricio (autor)
Formatua: Liburua
Hizkuntza:gaztelania
Argitaratua: Santiago Sa Cabana 2015
Edizioa:1a. ed
Gaiak:
Etiketak: Etiketa erantsi
Etiketarik gabe, Izan zaitez lehena erregistro honi etiketa jartzen!

MARC

LEADER 00000cam a2200000 a 4500
001 UCD3717
003 CL-VaPUC
008 160616e20150000cl |||||||||||||||||spa|d
020 |a 9789569082054 
082 0 4 |a 711.83  |b GRO  |2 21 
100 |a Gross Fuentes, Patricio  |e autor  |9 587280 
245 1 0 |a Arquitectura en Chile: desde la prehispanidad al centenario 
250 |a 1a. ed 
300 |a 135 p 
942 |c BK 
945 |d 20160616 22:39:00  |a dcastane 
260 |a Santiago  |b Sa Cabana  |c 2015 
650 0 |a Urbanismo  |9 255208 
650 0 |a Arquitectura  |9 804558 
650 0 |a Planificación urbana   |9 258176 
583 |a last modification  |c 20160616 22:39:00  |k Rodrigo Vera 
999 |c 364744  |d 364742 
952 |0 0  |1 0  |3 erb  |4 0  |6 711_830000000000000_GRO_2015  |7 0  |8 R  |9 478320  |a BIBARQ  |b BIBARQ  |i 529391K  |o 711.83 GRO 2015  |p 529391K  |r 2025-01-20  |w 2019-11-24  |y BK_R  |z Catalogado en:20160616  |k ARQ